00473nam a2200145Ia 4500008004100000100002400041245007900065245004600144260005900190260000900249300001000258650001800268650001500286856002600301170221s9999 xx 000 0 und d aKristen Alley Swain aScience Explanations in News Coverage of the First Stem Cell Controversy  cKristen Alley Swain, Jennifer Hutt Hobson bOnline Journal of Communication and Media Technologies c2015 a5 : 3 xCommunication xMedia Arts uhttp://www.ojcmt.net/